Loreto College Library, Kolkata
WEBOPAC (ONLINE PUBLIC ACCESS CATALOGUE)

Capitalism and modern social theory (Record no. 43546)

MARC details
000 -LEADER
fixed length control field 00776nam a22002537a 4500
005 - DATE AND TIME OF LATEST TRANSACTION
control field 20240419135757.0
008 - FIXED-LENGTH DATA ELEMENTS--GENERAL INFORMATION
fixed length control field 231011b |||||||| |||| 00| 0 eng d
020 ## - ISBN | অাই এস বি এন
ISBN | অাই এস বি এন 9788185618067
PRICE Rs.599.00
040 ## - CATALOGING SOURCE
Original cataloging agency Loreto College
041 ## - LANGUAGE CODE
Language code English
082 ## - DDC | ডিউই
Classification number | বর্গসংখ্যা 301.01
Book Number | গ্রন্থাঙ্ক GID
100 ## - MAIN ENTRY--PERSONAL NAME | মুখ্য সংলেখ - ব্যাক্তিনাম
Personal name | ব্যাক্তিনাম Giddens,Anthony
245 ## - TITLE STATEMENT | অাখ্যা বিবরণী
Title | অাখ্যা Capitalism and modern social theory
Sub title | উপঅাখ্যা An analysis of the writings of Marx,Durkheim and Max Weber
Statement of responsibility | লেখকের দায়িত্বের বিবরণ Anthony Giddens
260 ## - IMPRINT | প্রকাশনা ক্ষেত্র
Place of publication | প্রকাশ স্থান New Delhi
Name of publisher | প্রকাশকের নাম Cambridge University Press India
Date of publication | প্রকাশ কাল 2009
300 ## - PHYSICAL DESCRIPTION |
Page / Vol. No | পৃষ্ঠা / খন্ড সংখ্যা xvii,261p
Other physical details | অনান্য বাহ্যিক বিবরণ 22cm
504 ## - BIBLIOGRAPHY, ETC. NOTE
Bibliography, etc Includes bibliographical references and index
600 ## - SUBJECT ADDED ENTRY--PERSONAL NAME | বিষয় শিরোনাম - ব্যাক্তিনাম
Personal name | ব্যাক্তিনাম Marx,Karl
600 ## - SUBJECT ADDED ENTRY--PERSONAL NAME | বিষয় শিরোনাম - ব্যাক্তিনাম
Personal name | ব্যাক্তিনাম Durkheim,Emile
600 ## - SUBJECT ADDED ENTRY--PERSONAL NAME | বিষয় শিরোনাম - ব্যাক্তিনাম
Personal name | ব্যাক্তিনাম Weber,Max
650 ## - SUBJECT ADDED ENTRY--TOPICAL TERM | বিষয় শিরোনাম - মূল বিষয়
Topical term | মূল বিষয় Sociology
650 ## - SUBJECT ADDED ENTRY--TOPICAL TERM | বিষয় শিরোনাম - মূল বিষয়
Topical term | মূল বিষয় Sociology-Theory
850 ## - HOLDING INSTITUTION
Holding institution LCLIB
Sub Holdings P.C.Chandra Gyandhara Prakalpo
942 ## - ADDED ENTRY ELEMENTS (KOHA)
Koha item type Books
Holdings
Withdrawn status Lost status Source of classification Damaged status Not for loan Home library Current library Shelving location Date acquired Price Total Checkouts Full call number Accession No. Date last seen Price effective from Koha item type Coded location qualifier
    Dewey Decimal Classification     Loreto College Loreto College P.C.Chandra Gyandhara Prakalpo 11/10/2023 599.00   301.01 GID 53946 47668 11/10/2023 11/10/2023 Books